000 01319nam a22002057a 4500
008 240614e20240612xxk|||||o|||| 00| 0 eng d
041 _aeng
110 _aRoyal Institution of Chartered Surveyors
245 _aUK Residential Market Survey
_bMay 2024
_h[Electronic resource]
260 _aLondon,
_bRoyal Institution of Chartered Surveyors,
_cJune 2024
300 _a17p
490 _aRICS UK Residential Market Survey
520 _aThe May 2024 RICS UK Residential Survey results are symptomatic of a slight setback for the sales market over the month, with most of the indicators tracked deteriorating to a certain extent. This appears to be linked to the recent scaling back in expectations around the degree of monetary policy loosening likely to be pushed through by the Bank of England during the second half this year. Nevertheless, respondents still foresee a modest recovery in residential sales volumes getting back on track over the months ahead.
650 _aHOUSING MARKET
650 _aRESIDENTIAL PROPERTY
651 _aUnited Kingdom
710 _aRoyal Institution of Chartered Surveyors
856 _uhttps://www.rics.org/content/dam/ricsglobal/documents/market-surveys/5._WEB_May_2024_RICS_UK_Residential_Market_Survey_tp1.pdf
_zAvailable free on RICS.org
942 _n0
999 _c121954
_d121954